000 00365nam a2200145Ia 4500
008 100122s9999 xx 000 0 und d
082 _b16954
_a823
100 _aशेळके उध्दव ज
245 _aआग
260 _bअस्मिता प्रकाशन
_c1971
300 _a102
630 _aआग
730 _aआग
942 _cBOOK
999 _c406791
_d406788